000 00322nam a22001217a 4500
008 180215b xxu||||| |||| 00| 0 eng d
041 _aeng
080 _a33
100 _a52
101 _aEKO
245 _aFrom dependency to development: strategies to overcome underdevelopment and inequality
_cMunoz,H
942 _2udc
_cBK
999 _c42669
_d42669